Library Catalogue
St. Thomas' College (Autonomous),Thrissur

Instrumental Methods of Analysis (Record no. 86045)

MARC details
000 -LEADER
fixed length control field 00405nam a2200169Ia 4500
003 - CONTROL NUMBER IDENTIFIER
control field STCL
008 - FIXED-LENGTH DATA ELEMENTS--GENERAL INFORMATION
fixed length control field 181203s9999 xx 000 0 und d
020 ## - INTERNATIONAL STANDARD BOOK NUMBER
International Standard Book Number 9788123909431
040 ## - CATALOGING SOURCE
Original cataloging agency STCL
Language of cataloging EN
Transcribing agency STCL
082 ## - DEWEY DECIMAL CLASSIFICATION NUMBER
Edition number 22
100 ## - MAIN ENTRY--PERSONAL NAME
Personal name Willard, Hobart H.
245 #0 - TITLE STATEMENT
Title Instrumental Methods of Analysis
260 ## - PUBLICATION, DISTRIBUTION, ETC. (IMPRINT)
Name of publisher, distributor, etc. CBS Publishers
Place of publication, distribution, etc. New Delhi
Date of publication, distribution, etc. 1986
300 ## - PHYSICAL DESCRIPTION
Extent 895
546 ## - LANGUAGE NOTE
Language note English
942 ## - ADDED ENTRY ELEMENTS (KOHA)
Source of classification or shelving scheme Dewey Decimal Classification
Koha item type Book
Holdings
Withdrawn status Lost status Source of classification or shelving scheme Damaged status Not for loan Home library Current library Shelving location Date acquired Total Checkouts Total Renewals Full call number Barcode Date last seen Date last checked out Price effective from Koha item type
    Dewey Decimal Classification     Santhome Athenaeum Santhome Athenaeum General Stacks 03/12/2018 5 2 543.08 WIL-I 94604 03/06/2020 05/03/2020 03/12/2018 Book
          Santhome Athenaeum Santhome Athenaeum General Stacks 19/10/2022     543.08 WIL-I 97058 19/10/2022   19/10/2022 Book
          Santhome Athenaeum Santhome Athenaeum General Stacks 19/10/2022     543.8 WIL-I 96285 19/10/2022   19/10/2022 Book
          Santhome Athenaeum Santhome Athenaeum General Stacks 19/10/2022 1   543.08 WIL-I 97059 13/03/2023 27/02/2023 19/10/2022 Book
The Librarian
St. Thomas' College (Autonomous),
Thrissur - 680 001, Kerala, INDIA


Phone: +91 487 2420435    Ext: 1006   |    E-mail: stctlib@gmail.com    |    Web: http://stthomas.ac.in